000 00656nam a2200217 a 4500
001 BRCA_4122
005 20190320204543.0
008 120410s1921----pe-a######---#000-0#spa-#
041 _aspa
044 _ape
050 4 _aF3404.5.P4
_b.G85 1921
245 1 0 _aGuía general del sur del Perú.
260 _aCuzco, Perú
_bH. G. Rozas
_c1921
300 _a492 p.
_bil.
_c25 cm.
500 _aEdición extraordinaria para el Centenario de la Independencia del Perú (28 de julio de 1921)
500 _aC150
651 4 _aPerú
_vGuías de viajeros
_xDescripción y viajes
_910655
651 4 _aPerú
_vDirectorios
_910656
902 _aGFM
942 _2lcc
_cB
999 _c3838
_d3838